Yaga y el hombrecillo de la flauta / (Registro nro. 8904)

Detalles MARC
000 -LEADER
fixed length control field 00927nam a2200313 4500
001 - CONTROL NUMBER
control field 745041
003 - CONTROL NUMBER IDENTIFIER
control field DO-SdBNP
005 - DATE AND TIME OF LATEST TRANSACTION
control field 20180221082203.0
007 - PHYSICAL DESCRIPTION FIXED FIELD--GENERAL INFORMATION
fixed length control field 745041
008 - FIXED-LENGTH DATA ELEMENTS--GENERAL INFORMATION
fixed length control field 971128s1992 sp | ||| ||spa
016 7# - NATIONAL BIBLIOGRAPHIC AGENCY CONTROL NUMBER
Record control number
Source BPMSU
017 ## - COPYRIGHT OR LEGAL DEPOSIT NUMBER
Copyright or legal deposit number
Assigning agency
020 ## - INTERNATIONAL STANDARD BOOK NUMBER
International Standard Book Number 8434815516
035 ## - SYSTEM CONTROL NUMBER
System control number
040 ## - CATALOGING SOURCE
Original cataloging agency BPMSU
Language of cataloging spa
Transcribing agency BPMSU
Description conventions
041 1# - LANGUAGE CODE
Language code of text/sound track or separate title spa
Language code of original
080 #0 - UNIVERSAL DECIMAL CLASSIFICATION NUMBER
Universal Decimal Classification number
100 1# - MAIN ENTRY--PERSONAL NAME
Personal name Korschunow, Irina
240 10 - UNIFORM TITLE
Uniform title <a href="Jaga und der kleine Mann mit der Flöte">Jaga und der kleine Mann mit der Flöte</a>
Language of a work Español
245 10 - TITLE STATEMENT
Title Yaga y el hombrecillo de la flauta /
Statement of responsibility, etc. Irina Korschunow ; ilustraciones de Pablo Echevarría ; traducción del alemán, Lola Romero.
250 ## - EDITION STATEMENT
Edition statement 8ª ed.
260 ## - PUBLICATION, DISTRIBUTION, ETC. (IMPRINT)
Place of publication, distribution, etc. Madrid:
Name of publisher, distributor, etc. SM,
Date of publication, distribution, etc. 1992
300 ## - PHYSICAL DESCRIPTION
Extent 63 p. ;
Other physical details il.:
Dimensions 20 cm.
490 1# - SERIES STATEMENT
Series statement El barco de vapor. Serie blanca
Volume/sequential designation 10
830 #0 - SERIES ADDED ENTRY--UNIFORM TITLE
Uniform title El barco de vapor. Serie blanca
Volume number/sequential designation 10
942 ## - ADDED ENTRY ELEMENTS (KOHA)
Source of classification or shelving scheme Dewey Decimal Classification
Koha item type Libros
945 ## - LOCAL PROCESSING INFORMATION (OCLC)
a Inventariado, 2018 /LP
956 ## - LOCAL ELECTRONIC LOCATION AND ACCESS (OCLC)
Host name VMATEO
Access method 10
Materials specified 20151125
Linkage BPMSU
Field link and sequence number 00151
Existencias
Withdrawn status Lost status Source of classification or shelving scheme Damaged status Not for loan Collection code Home library Current library Date acquired Source of acquisition Total Checkouts Barcode Date last seen Price effective from Koha item type
    Dewey Decimal Classification     Colección Infantil General Biblioteca Pública Metropolitana Salomé Ureña Biblioteca Pública Metropolitana Salomé Ureña 11/25/2015 FUNDI   BPMSU18020208 11/25/2015 11/25/2015 Libros